101 Dalmatians / (Record no. 9820)
[ view plain ]
| 000 -LEADER | |
|---|---|
| fixed length control field | 01159nam a22002897a 4500 |
| 001 - CONTROL NUMBER | |
| control field | 9820 |
| 003 - CONTROL NUMBER IDENTIFIER | |
| control field | FISKH |
| 005 - DATE AND TIME OF LATEST TRANSACTION | |
| control field | 20260227111259.0 |
| 008 - FIXED-LENGTH DATA ELEMENTS--GENERAL INFORMATION | |
| fixed length control field | 260227b cb ||||| |||| 00| 0 eng d |
| 020 ## - INTERNATIONAL STANDARD BOOK NUMBER | |
| International Standard Book Number | 0717284832 |
| 040 ## - CATALOGING SOURCE | |
| Original cataloging agency | FISKH |
| Language of cataloging | eng |
| Transcribing agency | FISKH |
| Modifying agency | FISKH |
| 050 ## - LIBRARY OF CONGRESS CALL NUMBER | |
| Classification number | PZ7 .D625 .O |
| 082 ## - DEWEY DECIMAL CLASSIFICATION NUMBER | |
| Classification number | 813.6 |
| 100 ## - MAIN ENTRY--PERSONAL NAME | |
| Personal name | Walt Disnep's |
| 245 ## - TITLE STATEMENT | |
| Title | 101 Dalmatians / |
| Statement of responsibility, etc. | By Walp Disnep's |
| 250 ## - EDITION STATEMENT | |
| Edition statement | First American Edition |
| 260 ## - PUBLICATION, DISTRIBUTION, ETC. | |
| Place of publication, distribution, etc. | California : |
| Name of publisher, distributor, etc. | Disnep Enterprises , Inc , |
| Date of publication, distribution, etc. | 1995 . |
| 300 ## - PHYSICAL DESCRIPTION | |
| Extent | 46 unnumbered pages : |
| Other physical details | color illustrations ; |
| Dimensions | 22 cm . |
| 505 ## - FORMATTED CONTENTS NOTE | |
| Formatted contents note | O <br/> |
| 520 ## - SUMMARY, ETC. | |
| Summary, etc. | The story follows Pongo and Perdita, two Dalmatian dogs, whose puppies are kidnapped by the villain Cruella de Vil, who wants to make a coat from their fur. Pongo and Perdita, with the help of other animals, go on an adventurous journey to rescue all 101 Dalmatian puppies. The tale is full of friendship, bravery, and clever problem-solving.<br/> |
| 521 8# - TARGET AUDIENCE NOTE | |
| Target audience note | 600 <br/> |
| Source | Lexile estimate <br/> |
| 521 8# - TARGET AUDIENCE NOTE | |
| Target audience note | O <br/> |
| Source | Raz-Plus '<br/> |
| 650 ## - SUBJECT ADDED ENTRY--TOPICAL TERM | |
| Topical term or geographic name entry element | 101 Dalmatians |
| Form subdivision | Juvenile Literature |
| 650 ## - SUBJECT ADDED ENTRY--TOPICAL TERM | |
| Topical term or geographic name entry element | Disnep |
| Form subdivision | Juvenile Literature |
| 942 ## - ADDED ENTRY ELEMENTS (KOHA) | |
| Source of classification or shelving scheme | Dewey Decimal Classification |
| Koha item type | Books |
| Suppress in OPAC | No |
| Withdrawn status | Lost status | Source of classification or shelving scheme | Damaged status | Not for loan | Collection | Home library | Current library | Shelving location | Date acquired | Total Checkouts | Full call number | Barcode | Date last seen | Price effective from | Koha item type |
|---|---|---|---|---|---|---|---|---|---|---|---|---|---|---|---|
| Dewey Decimal Classification | Juvenile Fiction | Footprints International School Library Network Toul Tom Poung Campus | Footprints International School Library Network Toul Tom Poung Campus | TTP Primary Yellow Bookshelves | 02/27/2026 | WAL 813.6 PZ7 .D625 .O | FISBK00354 | 02/27/2026 | 02/27/2026 | Books |
